000 00289nam a22001337a 4500
008 170623b xxu||||| |||| 00| 0 eng d
020 _a0871874768
041 _aeng
080 _a327
100 _a21
101 _aSHP
245 _aINTERNATIONAL RELATIONS
_cLOPEZ,G.A
942 _2udc
_cBK
999 _c19004
_d19004